000 00871nam a2200253Ia 4500
003 OSt
005 20220923224926.0
006 a|||||r|||| 00| 0
007 ta
008 220922b |||||||| |||| 00| 0 hin d
024 _a253,756
037 _cTextual
040 _aARTS
_cARTS
_bhin
041 _2hin
_ahin
082 _a4v, 152N3;P4
100 _aमिश्र, कृष्ण बिहारी
245 0 _aपत्रकारिता इतिहास और प्रश्न
246 _aPatrakāritā itihās aur prashna
260 _aनयी दिल्ली
_b वाणी प्रकाशन
_c2004
300 _a152पृ.
_ccm.
650 _aहिन्दी पत्रकारिता
942 _h4v, 152N3;P4
_cTEXL
_2CC
999 _c374721
_d374721